000 00313nam a2200121Ia 4500
005 20251222141900.0
008 251222s9999||||xx |||||||||||||| ||spa||
082 _a380.141/D98
100 _aDurán F., Rosa Luz
245 0 _aComercialización de Alimentos, ¿Cómo se Come Eso?:
264 _bDESCO
942 _cLIB
999 _c8035
_d8035